UBT Library

THE LUNG CLINICAL PHYSOLOGY PULMONARY FUNCTION TESTS (Record no. 60575)

000 -LEADER
fixed length control field 00395nam a22001457a 4500
008 - FIXED-LENGTH DATA ELEMENTS--GENERAL INFORMATION
fixed length control field 240205b ||||| |||| 00| 0 eng d
020 ## - INTERNATIONAL STANDARD BOOK NUMBER
International Standard Book Number 6110997
041 ## - LANGUAGE CODE
Language code of text/sound track or separate title eng
080 ## - UNIVERSAL DECIMAL CLASSIFICATION NUMBER
Edition identifier COPYRIGHT 1955 AND 1962 BY YEAR BOOK MEDICAL
Universal Decimal Classification number 159.9
082 ## - DEWEY DECIMAL CLASSIFICATION NUMBER
Classification number 159.9COM
100 ## - Rafti
Rafti 25
101 ## - Shkurtesa
Shkurtesa PSI
245 ## - TITLE STATEMENT
Title THE LUNG CLINICAL PHYSOLOGY PULMONARY FUNCTION TESTS
Statement of responsibility, etc JULIUS .H.COMROE
942 ## - ADDED ENTRY ELEMENTS (KOHA)
Source of classification or shelving scheme
Item type Books
Holdings
Withdrawn status Lost status Source of classification or shelving scheme Damaged status Not for loan Collection code Permanent location Current location Date acquired Total Checkouts Full call number Barcode Date last seen Price effective from Koha item type
          Koleksioni i përgjithshem UBT - Lipjan UBT - Lipjan 02/05/2024   159.9COM 002-800070592 02/05/2024 02/05/2024 Books
UBT Library © 2015-2024. All rights reserved University Education for Business and Technology